Burning Bright. (Record no. 6518)

MARC details
005 - DATE AND TIME OF LATEST TRANSACTION
control field 20250702065058.0
020 ## - INTERNATIONAL STANDARD BOOK NUMBER
International Standard Book Number 978-0-85786-115-3
082 ## - DEWEY DECIMAL CLASSIFICATION NUMBER
Classification number 813.6 RAS
100 ## - MAIN ENTRY--PERSONAL NAME
Author name RASH, R.
245 ## - TITLE STATEMENT
Title Burning Bright.
260 ## - PUBLICATION, DISTRIBUTION, ETC.
Place of publication, distribution, etc. New York,
Name of publisher, distributor, etc. Canongate,
Date of publication, distribution, etc. 2010.
300 ## - PHYSICAL DESCRIPTION
Extent 205p.:
Dimensions 21cm
942 ## - ADDED ENTRY ELEMENTS (KOHA)
Source of classification or shelving scheme Dewey Decimal Classification
Koha item type Books
Holdings
Date last seen Total checkouts Full call number Barcode Cost, replacement price Price effective from Koha item type Lost status Source of classification or shelving scheme Damaged status Not for loan Withdrawn status Home library Current library Shelving location Date acquired Cost, normal purchase price
07/02/2025   813.6 RAS DOM0003023 90000.00 07/02/2025 Books   Dewey Decimal Classification       CBE Dodoma CBE Dodoma General Collection 07/02/2025 30000.00
07/02/2025   813.6 RAS DOM0003024 90000.00 07/02/2025 Books   Dewey Decimal Classification       CBE Dodoma CBE Dodoma General Collection 07/02/2025 30000.00